书目信息 |
| 题名: |
古汉语常用词典 2
|
|
| 作者: | 李翰文 主编 | |
| 分册: | ||
| 出版信息: | 北京 九州出版社 2001.01 |
|
| 页数: | 535-1091页 | |
| 开本: | 21cm | |
| 丛书名: | ||
| 单 册: | ||
| 中图分类: | H109.2-61 | |
| 科图分类: | ||
| 主题词: | 汉语 | |
| 电子资源: | ||
| ISBN: | 7-80114-578-X | |
| 000 | 00615nam0 2200217 450 | |
| 001 | 0453898138 | |
| 005 | 20040226145818.00 | |
| 010 | @a7-80114-578-X@b精装@dCNY128.00 | |
| 100 | @a20040226d2001 km y0chiy0120 ea | |
| 101 | 0 | @achi |
| 102 | @aCN@b110000 | |
| 102 | @aCN@b110000 | |
| 200 | 1 | @a古汉语常用词典 2@Agu han yu chang yong ci dian 2@f李翰文主编@Fli han wen zhu bian |
| 210 | @a北京@c九州出版社@d2001.01 | |
| 215 | @a535-1091页@d21cm | |
| 300 | @a辞书大全 | |
| 606 | 0 | @a汉语 |
| 690 | @aH109.2-61@v4 | |
| 701 | 0 | @a李翰文@Ali han wen@4主编 |
| 801 | 0 | @aCN@bPFT@c20040226 |
| 905 | @aBZT@dH109.2-61@e1-2@f1 | |
| 古汉语常用词典 2/李翰文主编.-北京:九州出版社,2001.01 |
| 535-1091页;21cm |
| 辞书大全 |
| ISBN 7-80114-578-X(精装):CNY128.00 |
| ● |
| 相关链接 |
|
|
|
正题名:古汉语常用词典 2
索取号:H109.2-61/1-2
 
预约/预借
| 序号 | 登录号 | 条形码 | 馆藏地/架位号 | 状态 | 备注 |
| 1 | 0357297 | 200396428 | 样本书库/样006架A面2层3列/ [索取号:H109.2-61/1-2] | 在馆 |